Библия, Фолклор, Литература (Запис номер 14374)
[ съкратено ]
| 000 -Лидер | |
|---|---|
| Контролно поле с фиксирана дължина | 02306nam a2200397 c 4500 |
| 003 - Код на организацията, давaща контролен номер | |
| Контролно поле | BLK |
| 005 - Дата и час на последна редакция | |
| Контролно поле | 20230406090722.0 |
| 008 - Елементи от данни с фиксирана дължина | |
| fixed length control field | 180412b bul|||||r ||||||| ||bul|| |
| 010 ## - Наследен системен номер | |
| LC control number | KNG00016083000 |
| 020 ## - Международен стандартен номер на книга ISBN | |
| Международен стандартен номер на книга ISBN | 954-524-152-7 |
| -- | издат.: Унив. изд. Св. св. Кирил и Методий |
| 040 ## - Източник на каталожния запис | |
| Идентификатор на билиотеката - собственик на записа | BLK |
| 041 ## - Код за език | |
| Код за езика на текст/звукозапис или на отделно заглавие | Български |
| Код за езика КДБФ | Български |
| 080 ## - УДК | |
| Текстов определител УДК | Фолклор (в тесен смисъл) |
| УДК код - определител по УДК | 398 |
| УДК определител | :22(497.2)(063) |
| УДК - код + определител | 398:22(497.2)(063) |
| 080 ## - УДК | |
| Текстов определител УДК | Българска литература |
| УДК код - определител по УДК | 821.163.2 |
| УДК определител | .09(063) |
| УДК - код + определител | 821.163.2.09(063) |
| 080 ## - УДК | |
| Текстов определител УДК | Изобразителни изкуства и художествени занаяти |
| УДК код - определител по УДК | 73/76 |
| УДК определител | .046.3(497.2)(063) |
| УДК - код + определител | 73/76.046.3(497.2)(063) |
| 139 ## - Редно поле | |
| Редна дума | Библия, Фолклор, Литература |
| Авторски знак | Би - Б 44 |
| 245 10 - Сведения за заглавието | |
| Заглавие | Библия, Фолклор, Литература |
| Подзаглавни данни | Сб. материали от науч. сес. Библията в европ. фолклорна и лит. традиция, 27-28 окт. 1995, Русе |
| Редно поле (дума) | ръководител Иван Николов Радев. |
| 257 ## - Страна на издаване | |
| Страна на създаване/издаване | България |
| 260 ## - Област на издателските данни | |
| -- | В. Търново |
| Име на издателя, разпространителя и проч. | Унив. изд. Св. св. Кирил и Методий |
| Година на издаване | 1996 |
| 300 ## - Физическа характеристика | |
| Страници | 304 с. |
| Илюстрации и др. | с ил. |
| Размери/Мащаб | 22 см |
| 380 ## - Жанр | |
| Жанр | Обществени науки |
| 500 ## - Общи забележки | |
| Забележка | 500 тир. - Библиогр. след отд. материали. - Сес. е посветена на 1130 г. от покръстването на българите и 1110 г. от смъртта на архиеп. Методий. |
| 650 #4 - Допълнително описание по предмет – тема | |
| Основно описание – тема или топоним | Народно творчество, българско - религиозни теми и образи - конференции |
| 9 (RLIN) | 259235 |
| 650 #4 - Допълнително описание по предмет – тема | |
| Основно описание – тема или топоним | Българска литература - религиозни теми и образи |
| 9 (RLIN) | 253167 |
| 650 #4 - Допълнително описание по предмет – тема | |
| Основно описание – тема или топоним | Изобразително изкуство, българско - религиозни теми и образи - конференции |
| 9 (RLIN) | 259237 |
| 653 ## - Ключова дума – ненормативна | |
| Ключова дума | Библия |
| 653 ## - Ключова дума – ненормативна | |
| Ключова дума | фолклор |
| 653 ## - Ключова дума – ненормативна | |
| Ключова дума | литература |
| 653 ## - Ключова дума – ненормативна | |
| Ключова дума | конференции |
| 700 1# - Други автори (авторска отговорност) | |
| Лично име | Радев, Иван Николов |
| Автороска отговорност (Описва отношението между автора и произведението) | ръководител |
| 9 (RLIN) | 363332 |
| 852 ## - Местоположение | |
| Форматна сигнатура | Цб 191639 |
| 856 4# - Електронен адрес и достъп | |
| Електронен формат | pdf - файл |
| Път до файла /url/ | |
| 856 4# - Електронен адрес и достъп | |
| Електронен формат | pdf - файл |
| Път до файла /url/ | |
| 942 ## - АРТИКУЛИ | |
| Вид на библиотечния материал | Книги |
| Скрит в OPAC | Не |
| Koha issues (borrowed), all copies | 1 |
| 944 ## - СЪЗДАВАНЕ И РЕДАКЦИЯ на ЗАПИСА | |
| Създаване/Редакция | Създаване |
| Дата на регистрацията/редакция | 15.01.2003 |
| Служител, извършил регистрацията/редакцията | AB_DOS |
| 944 ## - СЪЗДАВАНЕ И РЕДАКЦИЯ на ЗАПИСА | |
| Създаване/Редакция | Редакция |
| Дата на регистрацията/редакция | 15.01.2003 |
| Служител, извършил регистрацията/редакцията | |
| 999 ## - СИСТЕМНИ КОНТРОЛНИ НОМЕРА | |
| Koha biblionumber | 14374 |
| Koha biblioitemnumber | 14374 |
| Код за отписване | Код за изгубен артикул | Източник на класификационната схема | Код за повреда | Коз за рестрикции | Код за отдаване | Артикулен № | Име на библиотеката - собственик | Име на библиотеката, в която се намира в момента | Статус (Текущо местоположение) | Дата на вписване в системата | Местоположение - отдел | Цена в лева | Инвентарен номер | Систематично азбучна сигнатура | Баркод | Номер на екземпляра | Цена в евро | Служебна бележка | Служебен тип на артикула |
|---|---|---|---|---|---|---|---|---|---|---|---|---|---|---|---|---|---|---|---|
| Не е изгубен | Universal Decimal Classification | Не е повреден | без рестрикции | ползва се в читалня | 24607 | Регионална библиотека "Любен Каравелов" Русе | Регионална библиотека "Любен Каравелов" Русе | Хранилище | 2001-01-01 | Хранилище | 0.00 | 629353 | Цб 191639 | 120000629353 | 1 | 0.00 | Дост: Dp Вид: Д N: стар фонд Дата: 01.01.1996 | Книги |